Register of chartered surveyors, chartered land agents and of auctioneers & estate agents (Record no. 112665)

MARC details
000 -LEADER
fixed length control field 00673cam a22001935a 4500
001 - CONTROL NUMBER
control field E153715
008 - FIXED-LENGTH DATA ELEMENTS--GENERAL INFORMATION
fixed length control field 110822s1938 xxk f 000 0 eng d
035 ## - SYSTEM CONTROL NUMBER
System control number (Sirsi) u153715
041 0# - LANGUAGE CODE
Language code of text/sound track or separate title eng
050 04 - LIBRARY OF CONGRESS CALL NUMBER
Classification number 333.0062 $2 18
245 00 - TITLE STATEMENT
Title Register of chartered surveyors, chartered land agents and of auctioneers & estate agents
Remainder of title 1938
250 ## - EDITION STATEMENT
Edition statement 2nd ed.
260 ## - PUBLICATION, DISTRIBUTION, ETC.
Place of publication, distribution, etc. London
Name of publisher, distributor, etc. Thomas Skinner
Date of publication, distribution, etc. 1938
300 ## - PHYSICAL DESCRIPTION
Extent xxiv, 1305 p.
Dimensions 25 cm.
520 ## - SUMMARY, ETC.
Summary, etc. Includes statistical information, as well as details of newspapers, insurance companies, building societies, associations, and government officials.
651 #4 - SUBJECT ADDED ENTRY--GEOGRAPHIC NAME
Geographic name United Kingdom
Chronological subdivision
690 ## - LOCAL SUBJECT ADDED ENTRY--TOPICAL TERM (OCLC, RLIN)
Topical term or geographic name as entry element PROPERTY
942 ## - ADDED ENTRY ELEMENTS (KOHA)
Suppress in OPAC 0
Holdings
Withdrawn status Lost status Source of classification or shelving scheme Damaged status Not for loan Home library Current library Shelving location Date acquired Total Checkouts Full call number Barcode Date last seen Copy number Price effective from Koha item type
    Dewey Decimal Classification     London London Basement 22/08/2011   RESERVE 333.0062 REG 30076989 06/08/2019 1 06/08/2019 Book